000 00300nam a22001337a 4500
008 171031b xxu||||| |||| 00| 0 eng d
020 _a9780395390597
041 _aeng
080 _a33
100 _a58
101 _aBUS
245 _aOUR BUSINESS AND ECONOMIC WORLD
_cBRPWN,C
942 _2udc
_cBK
999 _c36843
_d36843